000 00341 a2200145 4500
001 76191
040 _cAnchieta - Colégio São Paulo
100 _aMachado, José Leon
240 1 0 _aA bruxa e o caldeirão
_lpor
245 1 0 _aA bruxa e o caldeirão
300 _a10
362 0 _a2003
650 4 _aLiteratura infanto-juvenil
942 _cBK
999 _c76191
_d76191